Depeche Mode Songs - Statistics

General Stats
  • This quiz has been taken 1,083 times
  • The average score is 50 of 153
Answer Stats
Hint Answer % Correct
Enjoy the Silence
90%
Personal Jesus
85%
Playing the Angel Just Can't Get Enough
82%
Never Let Me Down Again
79%
Black Celebration
77%
Policy of Truth
74%
A Question of Time
71%
People Are People
71%
Everything Counts
70%
Strangelove
69%
World in My Eyes
69%
A Question of Lust
68%
Stripped
66%
Walking in My Shoes
65%
Master and Servant
63%
Precious
63%
Behind the Wheel
61%
Halo
57%
I Feel You
57%
Blasphemous Rumours
55%
Blue Dress
55%
Barrel of a Gun
54%
It's No Good
54%
Home
52%
Speak & Spell New Life
52%
Wrong
52%
See You
51%
Fly on the Windscreen - Final
50%
In Your Room
50%
Little 15
50%
Clean
48%
Condemnation
48%
John the Revelator
47%
New Dress
47%
Somebody
47%
Nothing
46%
Useless
46%
Where's the Revolution
46%
Dream On
45%
Violator Photographic
45%
Songs of Faith and Devotion Tora! Tora! Tora!
44%
Waiting for the Night
44%
Sweetest Perfection
43%
Freelove
42%
Lie to Me
41%
A Pain That I'm Used To
40%
Judas
40%
Sounds of the Universe Leave in Silence
39%
Pimpf
39%
Sometimes
39%
Suffer Well
39%
Heaven
37%
Love, in Itself
36%
Sacred
36%
Some Great Reward Boys Say Go!
35%
Here Is the House
35%
Rush
35%
Dressed in Black
34%
Pipeline
34%
The Sun & the Rainfall
34%
Going Backwards
33%
It Doesn't Matter
33%
Higher Love
32%
One Caress
32%
The Things You Said
32%
Angel
31%
Lilian
31%
Delta Machine My Secret Garden
31%
I Feel Loved
30%
It Doesn't Matter Two
30%
Something to Do
30%
Black Celebration Nodisco
29%
Construction Time Again Puppets
29%
Sister of Night
29%
Stories of Old
29%
The Meaning of Love
28%
Broken
27%
Mercy in You
27%
Uselink
27%
I Want You Now
26%
Should Be Higher
26%
Soothe My Soul
26%
To Have and to Hold
26%
In Chains
25%
A Broken Frame I Sometimes Wish I Was Dead
25%
The Landscape Is Changing
25%
Welcome to My World
25%
Cover Me
24%
If You Want
24%
World Full of Nothing
24%
Ultra Big Muff
23%
Hole to Feed
23%
The Love Thieves
23%
Music for the Masses What's Your Name?
23%
Goodnight Lovers
22%
More Than a Party
22%
Peace
22%
And Then...
21%
Exciter Any Second Now (Voices)
21%
Goodbye
21%
Spirit Monument
21%
Get Right with Me
20%
Insight
20%
Satellite
20%
Told You So
20%
A Photograph of You
19%
Freestate
19%
Jezebel
19%
The Dead of Night
19%
Nothing's Impossible
18%
Nothing to Fear
18%
Scum
18%
The Darkest Star
18%
Two Minute Warning
18%
Alone
17%
I Am You
17%
Jazz Thieves
17%
Macro
17%
Shame
17%
The Bottom Line
17%
Fragile Tension
16%
Poison Heart
16%
Shouldn't Have Done That
16%
Slow
16%
Soft Touch/Raw Nerve
16%
Comatose
15%
Corrupt
15%
Damaged People
15%
Perfect
15%
Shine
15%
The Sinner in Me
15%
The Sweetest Condition
15%
Breathe
14%
Come Back
14%
Easy Tiger
14%
In Sympathy
14%
My Little Universe
14%
Poorman
14%
The Child Inside
14%
Fail
13%
I Want It All
13%
Miles Away/The Truth Is
13%
Secret to the End
13%
When the Body Speaks
13%
So Much Love
12%
Eternal
11%
No More (This Is the Last Time)
11%
Lovetheme
10%
The Worst Crime
10%
You Move
9%
Introspectre
8%
Little Soul
8%
Spacewalker
8%
No matching quizzes found
Score Distribution
Percent of People with Each Score
Percentile by Number Answered
Your Score History
You have not taken this quiz